College libraries in India: a case study (Record no. 11653)

MARC details
000 -LEADER
fixed length control field 00312nam a2200121Ia 4500
082 ## - DEWEY DECIMAL CLASSIFICATION NUMBER
Classification number RR 027.754 BAV
100 ## - MAIN ENTRY--AUTHOR NAME
Personal name Bavakutty, M.
245 #0 - TITLE STATEMENT
Title College libraries in India: a case study
260 ## - PUBLICATION, DISTRIBUTION, ETC. (IMPRINT)
Place of publication n.p.
Name of publisher n.p.
Year of publication 0
300 ## - PHYSICAL DESCRIPTION
Number of Pages 46p.
440 ## - SERIES STATEMENT/ADDED ENTRY--TITLE
Title Photocopy from Library Management Vol.7(1) 1986
942 ## - ADDED ENTRY ELEMENTS (KOHA)
Koha item type Books
Source of classification or shelving scheme Dewey Decimal Classification
Holdings
Withdrawn status Lost status Damaged status Not for loan Home library Current library Date acquired Bill Date Full call number Accession Number Price effective from Koha item type
        NASSDOC Library NASSDOC Library 08/10/2004 2004-10-22 RR 027.754 BAV 23268 18/04/2019 Books